01199nam a2200241Ia 4500001000900000003001000009008004100019040002500060041001300085100002700098245003600125250001100161260004900172300001100221500018800232501011400420520018800534650002300722942000700745957000600752999004100758952015800799L140-958IT-CnALBA170116s9999||||xx |||||||||||||| ||und|| aIT-CnALBAcIT-CnALBA aITALIANO aRUSSEL WALLACE ALFREDO 0aDARWINISMO APPLICATO ALL'UOMO.  a1a ed. aNAPOLIbPARTENOPEA SOCIETÀ EDITRICE cn.d. a95 p.  aTRADUTTORE VERDINOIS F. STRUTTURA UMANA E ANIMALE. UOMO E MAMMIFERI. CERVELLO UMANO E SCIMMIESCO. IPOTESI SULLA CULLA DEL GENERE UMANO. LE FACOLTÀ UMANE. INTERPRETAZIONE DEI FATTI.  aSocietà San Paolo EM - Piazza San Paolo, 14 - 12051 ALBA (CN) (non commercial uses only) ® Copyright 2017 aTRADUTTORE VERDINOIS F. STRUTTURA UMANA E ANIMALE. UOMO E MAMMIFERI. CERVELLO UMANO E SCIMMIESCO. IPOTESI SULLA CULLA DEL GENERE UMANO. LE FACOLTÀ UMANE. INTERPRETAZIONE DEI FATTI.  aSISTEMI FILOSOFICI cBK 71 a1050bNOg Copie: 1 c260187d260187 0010406L_14095871aALBAbALBAd2017-01-16l0oL140-958r2017-01-16 00:00:00w2017-01-16yBKz(data import: 16 gennaio 2017) - By Epidotti, Vaglietti.